书目信息 |
| 题名: |
物联网系统开发
|
|
| 作者: | 付强 , 傅静涛 著 | |
| 分册: | ||
| 出版信息: | 北京 机械工业出版社 2025.06 |
|
| 页数: | XI, 300页 | |
| 开本: | 24cm | |
| 丛书名: | 物联网技术丛书 | |
| 单 册: | ||
| 中图分类: | TP393.409 , TP18 | |
| 科图分类: | ||
| 主题词: | 物联网--wu lian wang--系统开发 | |
| 电子资源: | ||
| ISBN: | 978-7-111-78039-7 | |
| 000 | 01181nam 2200313 450 | |
| 001 | 91827 | |
| 005 | 20250817144847.73 | |
| 010 | @a978-7-111-78039-7@dCNY99.00 | |
| 100 | @a20250624d2025 em y0chiy50 ea | |
| 101 | 0 | @achi |
| 102 | @aCN@b110000 | |
| 105 | @aa z 000yy | |
| 106 | @ar | |
| 200 | 1 | @a物联网系统开发@Awu lian wang xi tong kai fa@e从0到1构建IoT平台@f付强, 傅静涛著 |
| 205 | @a第2版 | |
| 210 | @a北京@c机械工业出版社@d2025.06 | |
| 215 | @aXI, 300页@c图@d24cm | |
| 225 | 2 | @a物联网技术丛书@Awu lian wang ji shu cong shu |
| 314 | @a付强, 某智慧社区解决方案初创公司联合创始人兼CTO。 | |
| 330 | @a本书是一部从技术原理、工程实践、设计模式和最佳实践等多个维度详细讲解物联网系统和产品开发的著作。它涵盖物联网应用开发80%的场景, 能指导读者零基础的读者从0到1构建一个功能齐备的物联网平台, 并附有代码和解释。 | |
| 410 | 0 | @12001 @a物联网技术丛书 |
| 517 | 1 | @a从0到1构建IoT平台@Acong 0 dao 1 gou jian IoT ping tai |
| 606 | 0 | @a物联网@Awu lian wang@x系统开发 |
| 690 | @aTP393.409@v5 | |
| 690 | @aTP18@v5 | |
| 701 | 0 | @a付强@Afu qiang@4著 |
| 701 | 0 | @a傅静涛@Afu jing tao@4著 |
| 801 | 0 | @aCN@c20250909 |
| 905 | @a河南城建学院图书馆@dTP393.409@eF831=2@f1 | |
| 物联网系统开发:从0到1构建IoT平台/付强, 傅静涛著.-第2版.-北京:机械工业出版社,2025.06 |
| XI, 300页:图;24cm.-(物联网技术丛书) |
| ISBN 978-7-111-78039-7:CNY99.00 |
| 本书是一部从技术原理、工程实践、设计模式和最佳实践等多个维度详细讲解物联网系统和产品开发的著作。它涵盖物联网应用开发80%的场景, 能指导读者零基础的读者从0到1构建一个功能齐备的物联网平台, 并附有代码和解释。 |
| ● |
| 相关链接 |
|
|
|
正题名:物联网系统开发
索取号:TP393.409/F831=2
 
预约/预借
| 序号 | 登录号 | 条形码 | 馆藏地/架位号 | 状态 | 备注 |
| 1 | 1625791 | 216257912 | 自科库301/301自科库 135排2列3层/ [索取号:TP393.409/F831=2] | 在馆 |